<?xml version="1.0" encoding="UTF-8"?>
<marc:record xmlns:marc="http://www.loc.gov/MARC21/slim">
   <marc:leader>00000nam a2200000 a 4500</marc:leader>
   <marc:datafield ind1="1" ind2=" " tag="100">
      <marc:subfield code="a">Howard, Linda</marc:subfield>
      <marc:subfield code="4">aut</marc:subfield>
      <marc:subfield code="e">Verfasser/-in</marc:subfield>
   </marc:datafield>
   <marc:datafield ind1="1" ind2=" " tag="100">
      <marc:subfield code="a">Howard, Linda</marc:subfield>
   </marc:datafield>
   <marc:datafield ind1="0" ind2="0" tag="245">
      <marc:subfield code="a">Mister Perfekt</marc:subfield>
   </marc:datafield>
   <marc:datafield ind1="0" ind2="0" tag="245">
      <marc:subfield code="c">Linda Howard. Dt. von Christoph Göhler</marc:subfield>
   </marc:datafield>
   <marc:datafield ind1=" " ind2="1" tag="264">
      <marc:subfield code="a">München</marc:subfield>
      <marc:subfield code="b">Blanvalet</marc:subfield>
      <marc:subfield code="c">2008</marc:subfield>
   </marc:datafield>
   <marc:datafield ind1=" " ind2=" " tag="250">
      <marc:subfield code="a">Einmalige Sonderausg.</marc:subfield>
   </marc:datafield>
   <marc:datafield ind1="1" ind2=" " tag="520">
      <marc:subfield code="a">Angaben aus der Verlagsmeldung

Mister Perfekt : Roman Mr. Perfect / von Linda Howard

Prustend vor Vergnügen stellen die Freundinnen Jaine, Marci, Luna und T.J. bei ihrem allwöchentlichen Freitagabend-Treffen in einer Bar eine Liste der Eigenschaften zusammen, die einen perfekten Mann auszeichnen. Die Kolleginnen in der Firma finden diesen Gag so gut, dass die Liste in Windeseile über E-Mail verbreitet wird, wie eine Lawine die Öffentlichkeit erreicht, sogar Presse und Fernsehen elektrisiert – und aus dem anfänglichen Spaß bitterster Ernst wird. Irgendjemand scheint sich nämlich von dieser Liste persönlich angegriffen zu fühlen. Da wird Luna ermordet aufgefunden. Als Hauptverdächtiger gilt ihr Freund, der diese Liste lautstark als sexistisch und unverschämt schmähte. Doch er hat ein bombensicheres Alibi. Schließlich gelingt es Jaine, ihren anfangs widerwilligen Nachbarn Sam, einen zwielichtigen Polizeibeamten, zu mobilisieren. Keine Sekunde zu früh, denn der Täter verfolgt bereits die übrigen drei Frauen – und der Traum von Mr. Perfekt wird zum nervenzerreißenden Alptraum...
</marc:subfield>
   </marc:datafield>
   <marc:datafield ind1=" " ind2=" " tag="020">
      <marc:subfield code="a">9783442369461</marc:subfield>
      <marc:subfield code="9">9783442369461</marc:subfield>
   </marc:datafield>
   <marc:datafield ind1=" " ind2=" " tag="020">
      <marc:subfield code="a">3442369460</marc:subfield>
      <marc:subfield code="9">3442369460</marc:subfield>
   </marc:datafield>
   <marc:datafield ind1=" " ind2=" " tag="041">
      <marc:subfield code="a">ger</marc:subfield>
   </marc:datafield>
   <marc:datafield ind1=" " ind2=" " tag="300">
      <marc:subfield code="a">382 S.</marc:subfield>
   </marc:datafield>
</marc:record>
